Métodos de diseño /
Guardado en:
| 主要作者: | |
|---|---|
| 格式: | 圖書 |
| 語言: | 西班牙语 |
| 出版: |
Barcelona, España :
Gustavo Gili,
1982, c1982
|
| 版: | 3a edición |
| 主題: | |
| 標簽: |
沒有標簽, 成為第一個標記此記錄!
|
MARC
| LEADER | 00000nam^a2200000^a^4500 | ||
|---|---|---|---|
| 001 | 000165218 | ||
| 005 | 20250521000000.0 | ||
| 009 | 20260310101011.365 | ||
| 020 | |a 84-252-0625-1 | ||
| 037 | |a Acervo ITESO - Biblioteca | ||
| 041 | |a ESP | ||
| 082 | |a 745. 201 |b JON | ||
| 100 | |a Jones, Christopher |e (autor) | ||
| 245 | 1 | 0 | |a Métodos de diseño / |c C. Jones ; tr. por María Luisa López Sardá. |
| 250 | |a 3a edición | ||
| 264 | 4 | |a Barcelona, España : |b Gustavo Gili, |c 1982, c1982 | |
| 300 | |a XXXIII, 370 p. | ||
| 336 | |a texto |b txt |2 rdacontenido | ||
| 337 | |a sin mediación |b n |2 rdamedio | ||
| 338 | |a volumen |b nc |2 rdasoporte | ||
| 500 | |a Traducción de: Design Methods. Seeds fo Human Futures | ||
| 649 | |a XX | ||
| 650 | |a Desarrollo Tecnológico | ||
| 650 | |a Cambios Sociales y Culturales | ||
| 650 | |a Ergonomía | ||
| 650 | |a Tecnología y Sociedad | ||
| 650 | |a Diseño y Sociedad | ||
| 650 | |a Arte y Sociedad | ||
| 650 | |a Diseño Industrial - |x Historia y Crítica | ||
| 650 | |a Diseño Industrial - |x Teoría | ||
| 650 | |a Diseño Industrial - |x Metodología | ||
| 650 | |a Diseño - |x Historia y Crítica | ||
| 650 | |a Diseño - |x Teoría | ||
| 650 | |a Diseño - |x Metodología | ||
| 910 | |a Fondo General | ||
| 920 | |a Impresos - Libros | ||
| 930 | |a Colección General | ||
| 905 | |a 101 | ||
| 901 | |a 0500099289 |b IT1 |c ACC |u 20250521 | ||
| 902 | |a https://opac.biblio.iteso.mx/vufind/Record/000165218 | ||